00814nam a22001817a 4500003000900000008004100009040007100050082001800121100002400139245019200163260006100355300002800416505009300444650001500537650002200552650002700574700003100601AR-CdUCM190513b ||||| |||| 00| 0 spa d aMUNICIPALIDAD PROVINCIAL DEL CUSCOcBIBLIOTECA MUNICIPAL DEL CUSCO a301.36 /bB39 aBergel, Egon Ernest aSociología urbana :bHistoria - disposición de las ciudades - geografía social - tipología -- demografía - instituciones - gobierno - vivienda - planteamiento - organización / aArgentina :bEditorial bibliográfica argentina,c1955. a554 páginas ;c23 cm. aContenido: El enfoque empírico -- Geografía social -- Tipología -- Demografía... aSociologia aCiencias sociales aMétodo sociológico aMartinez Alinari, Josefina